ბათუმის შოთა რუსთაველის სახელმწიფო უნივერსიტეტის ბიბლიოთეკა

გადასახადები.№7,ივლისი 2014. (ბიბ.ჩანაწერი № 47866)

000 -LEADER
fixed length control field 00678nam a2200145Ia 4500
001 - CONTROL NUMBER
control field 14742
003 - CONTROL NUMBER IDENTIFIER
control field GE_BSU
008 - FIXED-LENGTH DATA ELEMENTS--GENERAL INFORMATION
fixed length control field 181216s||||||||xx |||||||||||||| ||und||
040 ## - CATALOGING SOURCE
Transcribing agency GE_BSU
245 ## - TITLE STATEMENT
Title გადასახადები.№7,ივლისი 2014.
245 ## - TITLE STATEMENT
Remainder of title სამეცნიერო-პრაქტიკული ჟურნალი
245 ## - TITLE STATEMENT
Statement of responsibility, etc. მთ.რედ.დავით ჯალაღონია,პასუხისმგებელი,მდივანი:მერინე ჯალაღონია,რედ:მადონა გელაშვილი და სხვ.
653 ## - INDEX TERM--UNCONTROLLED
Uncontrolled term პერიოდიკა
942 ## - ADDED ENTRY ELEMENTS (KOHA)
Koha item type პერიოდიკა

არაა ხელმისაწვდომი ეგზემპლარები.